Book of Abstracts of the 27th Workshop Cycles and Colourings 2018 : Nový Smokovec, September 2-7, 2018

Gespeichert in:
Bibliographische Detailangaben
Körperschaft: Workshop Cycles and Colourings 2018 Nový Smokovec, Slovenská republika
Weitere Verfasser: Fabrici, Igor (Herausgegeben von), Kardoš, František (Herausgegeben von)
Format: Tagungsbericht Buch
Sprache:Englisch
Veröffentlicht: Košice : Univerzita P. J. Šafárika v Košiciach, 2018
Ausgabe:1. vyd.
Tags: Tag hinzufügen
Keine Tags, Fügen Sie das erste Tag hinzu!

MARC

LEADER 00000nam a22000003a 4500
001 0066979
003 SK-STU
005 20190909112748.6
007 ta
008 150914s ----xo-----e------100-0-----d
040 |a STU  |b slo 
041 0 |a eng 
044 |a xo 
111 2 |a Workshop Cycles and Colourings 2018  |n 27th  |d 2. - 7. 9. 2018  |c Nový Smokovec, Slovenská republika 
245 1 0 |a Book of Abstracts of the 27th Workshop Cycles and Colourings 2018 :  |b Nový Smokovec, September 2-7, 2018 
250 |a 1. vyd. 
260 |a Košice :  |b Univerzita P. J. Šafárika v Košiciach,  |c 2018 
300 |a 40 s. 
700 1 |a Fabrici, Igor  |4 edt 
700 1 |a Kardoš, František  |4 edt 
996 |c V* 2581/sc-18  |l VV11  |s P  |a 0  |w 0066979_0001